| Tag |
First Indicator |
Second Indicator |
Subfields |
| LEADER |
00000nam a2200000 a 4500 |
| 001 |
in00005779928 |
| 005 |
20260505160806.1 |
| 008 |
260312t20262026nyu b 001 0 eng d |
| 035 |
|
|
|a (OCoLC)1579023078
|
| 040 |
|
|
|a VDB
|e rda
|c VDB
|d COO
|d BWK
|d TXA
|
| 020 |
|
|
|a 9783032059451
|
| 020 |
|
|
|a 3032059453
|
| 082 |
0 |
|
|a 305.42
|2 23/eng/20260226
|
| 090 |
|
|
|a HQ1237
|b .G35 2026
|
| 100 |
1 |
|
|a Galbraith, Eilidh,
|e author.
|
| 245 |
1 |
0 |
|a Incredible women :
|b chronic pain and disbelief across history, society, and theology /
|c Eilidh Galbraith.
|
| 264 |
|
1 |
|a New York :
|b Palgrave Macmillan,
|c [2026].
|
| 264 |
|
4 |
|c ©2026.
|
| 300 |
|
|
|a xiv, 329 pages ;
|c 22 cm.
|
| 336 |
|
|
|a text
|2 rdacontent
|
| 337 |
|
|
|a unmediated
|2 rdamedia
|
| 338 |
|
|
|a volume
|2 rdacarrier
|
| 504 |
|
|
|a Includes bibliographical references and index.
|
| 520 |
|
|
|a This book explores the ‘gender pain gap,’ the systemic disparities in how women’s chronic pain and illness are perceived, believed and treated. Focusing especially on conditions without visible markers, Eilidh Galbraith examines why women’s pain remains socially, culturally and theologically problematic. Through interdisciplinary analysis and qualitative storytelling, she investigates how power dynamics shape medical responses and influence women’s credibility as narrators of their own suffering. Drawing on feminist theology, trauma studies and health research, Galbraith weaves together her own experiences with those of other women to reveal how silence and disbelief impact health outcomes and identity. This deeply personal study challenges dominant narratives and calls for a more compassionate, justice-oriented approach to women’s pain.
|
| 650 |
|
0 |
|a Chronic pain in women.
|
| 650 |
|
0 |
|a Sex discrimination against women.
|
| 650 |
|
0 |
|a Women's health services.
|
| 948 |
|
|
|h NO HOLDINGS IN TXA - 3 OTHER HOLDINGS
|
| 994 |
|
|
|a Z0
|b TXA
|
| 999 |
f |
f |
|i 16264140-42c4-44be-8903-be695f970bf6
|s c289ad31-87cb-4e0b-99f5-b2a2501b9fb0
|t 0
|
| 952 |
f |
f |
|p normal
|a Texas A&M University
|b College Station
|c Sterling C. Evans Library
|s Evans stk
|d Evans: Library Stacks
|t 0
|e HQ1237 .G35 2026
|h Library of Congress classification
|i unmediated -- volume
|m A14852409078
|
| 998 |
f |
f |
|a HQ1237 .G35 2026
|t 0
|l Evans: Library Stacks
|